The history of landholding in England. (Record no. 16386)

MARC details
000 -LEADER
fixed length control field 00907cam a22002531 4500
001 - CONTROL NUMBER
control field ca 28000527
003 - CONTROL NUMBER IDENTIFIER
control field DLC
005 - DATE AND TIME OF LATEST TRANSACTION
control field 20260227111120.0
008 - FIXED-LENGTH DATA ELEMENTS--GENERAL INFORMATION
fixed length control field 800401s1881 nyu 000 0 eng
010 ## - LIBRARY OF CONGRESS CONTROL NUMBER
LC control number ca 28000527
035 ## - SYSTEM CONTROL NUMBER
System control number (OCoLC)6156234
040 ## - CATALOGING SOURCE
Original cataloging agency DLC
Transcribing agency LU
Modifying agency MoSU-L
-- DLC
042 ## - AUTHENTICATION CODE
Authentication code premarc
043 ## - GEOGRAPHIC AREA CODE
Geographic area code e-uk---
050 00 - LIBRARY OF CONGRESS CALL NUMBER
Classification number HD593
Item number .F5 1881
100 1# - MAIN ENTRY--PERSONAL NAME
Personal name Fisher, Joseph,
Titles and words associated with a name F.R.H.S.
245 14 - TITLE STATEMENT
Title The history of landholding in England.
Statement of responsibility, etc. By Joseph Fisher ...
260 ## - PUBLICATION, DISTRIBUTION, ETC.
Place of publication, distribution, etc. [New York,
Name of publisher, distributor, etc. J. Fitzgerald & co.,
Date of publication, distribution, etc. 1881]
300 ## - PHYSICAL DESCRIPTION
Extent 48 p.
Dimensions 25 cm.
440 #0 - SERIES STATEMENT/ADDED ENTRY--TITLE
Title Humboldt library of popular science literature.
Volume/sequential designation vol. II, no. 27
500 ## - GENERAL NOTE
General note Caption title.
500 ## - GENERAL NOTE
General note "This work is an expansion of a paper read at the meeting of the Royal historical society in May, 1875, and will be published in the volume of the Transactions of that body."
650 #0 - SUBJECT ADDED ENTRY--TOPICAL TERM
Topical term or geographic name entry element Land tenure
Geographic subdivision Great Britain.

No items available.

Powered by Koha